| 000 | 01015nam a22003015a 4500 | ||
|---|---|---|---|
| 005 | 20161116115918.0 | ||
| 008 | 161113s2016 nyu frb 001 0 eng d | ||
| 020 | _a9780415522922 | ||
| 040 |
_aEG-ScBUE _beng _cEG-ScBUE _dEG-ScBUE |
||
| 082 | 0 | 4 |
_a338.927 _bBAK _222 |
| 100 | 1 | _aBaker, Susan. | |
| 245 | 1 | 0 |
_aSustainable development / _cSusan Baker. |
| 250 | _a2nd ed. | ||
| 260 |
_aNew York : _bRoutledge / Taylor & Francis Group, _c2016. |
||
| 300 |
_axix, 449 p. ; _c25 cm. |
||
| 500 | _aIndex : p. 437-449. | ||
| 504 | _aIncludes bibliographical references. | ||
| 590 | _aSuzan Ashmawy ; revised by Fouad. | ||
| 650 | 7 |
_aSustainable development. _2BUEsh |
|
| 650 | 7 |
_aEconomic policy _xEnvironmental aspects. _2BUEsh |
|
| 650 | 7 |
_aGlobalization _xEconomic aspects. _2BUEsh |
|
| 650 | 7 |
_aGlobalization _xEnvironmental aspects. _2BUEsh |
|
| 650 | 7 |
_aInternational organization. _2BUEsh |
|
| 650 | 7 |
_aEnvironmental policy. _2BUEsh |
|
| 651 | _2BUEsh | ||
| 653 |
_bBUSBOL _cNovember2016 |
||
| 942 | _2ddc | ||
| 999 |
_c23098 _d23070 |
||